[Event "NOR-ch"]
[Site "NOR"]
[Date "1991.??.??"]
[Round "5"]
[White "Haugli, Petter"]
[Black "Fossan, Erik"]
[Result "1/2-1/2"]
[WhiteElo "2390"]
[BlackElo "2285"]

1.d4 Nf6 2.c4 e6 3.Nc3 Bb4 4.Qc2 O-O 5.Bg5 d6 6.Nf3 Nbd7 7.e3 Re8 8.Be2 Qe7
9.O-O Bxc3 10.bxc3 e5 11.Nd2 h6 12.Bh4 Qf8 13.Rae1 b6 14.Bf3 Rb8 15.Bc6 Bb7
16.Bxb7 Rxb7 17.f3 Rbb8 18.Kh1 Kh8 19.Rg1 Qg8 20.Nf1 Qh7 21.e4 a5 22.Ne3 Nh5
23.Qa4 Nf8 24.Nd5 Ne6 25.Bf2 Nhf4 26.Rd1 f5 27.exf5 Qxf5 28.dxe5 dxe5 29.Nxf4 Nxf4
30.Rd2 Red8 31.Qd1 Qg5 32.Be3 Rxd2 33.Qxd2 Rd8 34.Qc2 Qf6 35.Re1 Qg6  1/2-1/2

[Event "Oberwart op"]
[Site "Oberwart"]
[Date "1991.??.??"]
[Round "?"]
[White "Baburin, Alexander"]
[Black "Arkhipov, Sergey"]
[Result "1/2-1/2"]
[WhiteElo "2480"]
[BlackElo "2510"]

1.d4 Nf6 2.c4 e6 3.Nc3 Bb4 4.Qc2 O-O 5.a3 Bxc3+ 6.Qxc3 Qe8 7.f3 d6 8.e4 e5
9.Be3 Nfd7 10.Bd3 exd4 11.Bxd4 Ne5 12.Bc2 Nbc6 13.Be3 Be6 14.c5 Nc4 15.Bf2 f5
16.O-O-O fxe4 17.Bxe4 Rd8 18.Ne2 d5 19.Bc2 Bf5 20.Bxf5 Rxf5 21.Nd4 Nxd4 22.Bxd4 Rf7  1/2-1/2

[Event "Oostende op"]
[Site "Oostende"]
[Date "1991.??.??"]
[Round "3"]
[White "Hansen, Lars Bo"]
[Black "Steinbacher, Matthias"]
[Result "1-0"]
[WhiteElo "2510"]
[BlackElo "2360"]

1.d4 Nf6 2.c4 e6 3.Nc3 Bb4 4.Qc2 O-O 5.a3 Bxc3+ 6.Qxc3 b6 7.Bg5 Bb7 8.f3 d6
9.e4 e5 10.dxe5 dxe5 11.Rd1 Qe7 12.Ne2 Nc6 13.Ng3 Nd4 14.Bd3 Qe6 15.O-O Nd7
16.Nf5 f6 17.c5 Nxc5 18.Bc4 Kh8 19.Be3 Qe8 20.Nxd4 exd4 21.Rxd4 f5 22.exf5 Rxf5
23.Rg4  1-0

[Event "Palma de Mallorca op"]
[Site "Palma de Mallorca"]
[Date "1991.??.??"]
[Round "?"]
[White "Flear, Christine"]
[Black "Bellon, F."]
[Result "1-0"]
[WhiteElo "2225"]
[BlackElo "2495"]

1.d4 Nf6 2.c4 e6 3.Nc3 Bb4 4.Qc2 O-O 5.a3 Bxc3+ 6.Qxc3 b5 7.cxb5 c6 8.bxc6 Nxc6
9.Nf3 Bb7 10.b4 Rc8 11.Qb2 Ne4 12.e3 Ne7 13.Bd2 Nxd2 14.Qxd2 Qc7 15.Bd3 Qc3
16.Qxc3 Rxc3 17.Kd2 Rfc8 18.Rhc1 Rxc1 19.Rxc1 Rxc1 20.Kxc1 f5 21.Kb2 Nc8
22.Bb5 Nb6 23.Ne1 Kf7 24.g3 Ke8 25.Be2 d6 26.Kc3 Kd7 27.Nd3 Nd5+ 28.Kd2 g5
29.f3 Nf6 30.Nf2 h5 31.e4 fxe4 32.fxe4 e5 33.d5 g4 34.Ke3 Kc7 35.a4 Bc8 36.Nd1 Bd7
37.Nc3 Be8 38.Bb5 Kb6 39.a5+ Kb7 40.Bd3 Bd7 41.Be2 Ne8 42.Nb5 Kb8 43.Kf2 Kb7
44.Na3 Nf6 45.Ke3 Ne8 46.b5 Kc7 47.Nc2 Kb7 48.Nb4 Kc7 49.Nc6 Kb7 50.Bd3 Nc7
51.Kd2 Ne8 52.Kc3 Nf6 53.Kb4 Ne8 54.b6 axb6 55.a6+ Kc7 56.Bb5 Nf6 57.Nd8 Kb8
58.Bxd7 Nxd7 59.Kb5 Nc5 60.Kxb6 Nxe4 61.a7+ Ka8 62.Ne6  1-0

[Event "Palma de Mallorca op"]
[Site "Palma de Mallorca"]
[Date "1991.??.??"]
[Round "?"]
[White "Flear, Glenn C"]
[Black "Campos Moreno, Javier B"]
[Result "1/2-1/2"]
[WhiteElo "2470"]
[BlackElo "2480"]

1.d4 Nf6 2.c4 e6 3.Nc3 Bb4 4.Qc2 O-O 5.a3 Bxc3+ 6.Qxc3 b6 7.Bg5 Bb7 8.e3 h6
9.Bh4 Re8 10.Nh3 d6 11.f3 Qe7 12.Bd3 Nbd7 13.O-O e5 14.Bf5 Qf8 15.dxe5 Rxe5
16.e4 g6 17.Bxd7 Nxd7 18.Nf2 Re6 19.Rae1 Rae8 20.Ng4 Qg7 21.Qxg7+ Kxg7 22.Bf2 f5
23.exf5 gxf5 24.Rxe6 Rxe6 25.Ne3 Kg6 26.Rc1 Nf6 27.Rc3 f4 28.Nc2 c5 29.Ne1 Kf5
30.Rc2 Ba6 31.a4 Bb7 32.g4+ fxg3 33.hxg3 h5 34.Kf1 Nd7 35.b3 Ne5 36.Rc3 a5
37.Re3 d5 38.cxd5 Bxd5 39.Ke2 Nc6 40.Rxe6 Bxe6 41.g4+ hxg4 42.Bg3 gxf3+ 43.Nxf3 Bxb3
44.Bc7 Ke6 45.Bxb6 Kd5 46.Kd2 Bxa4 47.Kc3 Bd1 48.Nd2 a4 49.Nc4 Nb4 50.Ne3+ Kc6
51.Bxc5 Kxc5 52.Nxd1 Nd5+ 53.Kc2 Kb4 54.Nb2 Ne3+ 55.Kb1  1/2-1/2

[Event "Paris-ch"]
[Site "Paris"]
[Date "1991.??.??"]
[Round "3"]
[White "Elbilia, Jacques"]
[Black "Coste, Thierry"]
[Result "1-0"]
[WhiteElo "2050"]
[BlackElo "2225"]

1.d4 Nf6 2.c4 e6 3.Nc3 Bb4 4.Qc2 O-O 5.a3 Bxc3+ 6.Qxc3 b6 7.Bg5 Bb7 8.Nh3 d6
9.f3 Nbd7 10.e4 h6 11.Be3 e5 12.d5 Qe7 13.Be2 c5 14.dxc6 Bxc6 15.O-O Rfc8
16.Rac1 Nf8 17.Qd2 Rab8 18.b4 Ne6 19.Nf2 Rd8 20.Nd1 a6 21.Nc3 Nc7 22.Nd5 Ncxd5
23.cxd5 Ba4 24.Rc3 Rd7 25.Rfc1 a5 26.Qb2 axb4 27.Qxb4 b5 28.Qa5 Ne8 29.Rc6 Kh7
30.Ra6 Rdb7 31.Bd2 h5 32.Bb4 h4 33.h3 Qg5 34.Bd2 Qe7 35.Rcc6 b4 36.Qxa4 b3
37.Bd3 b2 38.Bb1 Nc7 39.Ra7 Nb5 40.Qxb5  1-0

[Event "Porz op27"]
[Site "Porz"]
[Date "1991.??.??"]
[Round "7"]
[White "Schoen, Wolfram"]
[Black "Inkiov, Ventzislav"]
[Result "1/2-1/2"]
[WhiteElo "2390"]
[BlackElo "2475"]

1.d4 Nf6 2.c4 e6 3.Nc3 Bb4 4.Qc2 O-O 5.a3 Bxc3+ 6.Qxc3 b6 7.Nf3 Bb7 8.Bg5 d6
9.Nd2 h6 10.Bh4 Nbd7 11.f3 d5 12.cxd5 exd5 13.e3 Re8 14.Be2 Rc8 15.O-O c5
16.Bb5 Re6 17.Rfe1 Qe7 18.Rad1 a6 19.Bd3 g6 20.Bb1 Re8 21.Bf2 c4 22.e4 dxe4
23.fxe4 Nxe4 24.Bxe4 Bxe4 25.Nxe4 Rxe4 26.Rxe4 Qxe4 27.Re1 Qa8 28.Rxe8+ Qxe8
29.Qxc4 Qe4 30.Qc8+ Kg7 31.h3 Qb1+ 32.Kh2 Qxb2 33.Qxd7 Qxf2 34.d5 Qf4+ 35.Kh1 Qf1+
36.Kh2 Qf4+ 37.Kh1 Qf1+  1/2-1/2

[Event "Ptuj"]
[Site "Ptuj"]
[Date "1991.??.??"]
[Round "8"]
[White "Brglez, Rado"]
[Black "Dizdarevic, Emir"]
[Result "0-1"]
[WhiteElo "2330"]
[BlackElo "2505"]

1.d4 Nf6 2.c4 e6 3.Nc3 Bb4 4.Qc2 O-O 5.Nf3 d6 6.Bd2 Nbd7 7.a3 Bxc3 8.Bxc3 b6
9.e4 Bb7 10.Bd3 c5 11.e5 cxd4 12.exf6 dxc3 13.Bxh7+ Kh8 14.fxg7+ Kxg7 15.Be4 Bxe4
16.Qxe4 Nf6 17.Qc2 cxb2 18.Qxb2 Rc8 19.Nd2 Rg8 20.O-O Kf8 21.Rfe1 Ng4 22.Re4 Qf6
23.Qxf6 Nxf6 24.Rd4 Ke7 25.h4 Rg4 26.Rxg4 Nxg4 27.Re1 f5 28.g3 Ne5  0-1

[Event "JUG-Cup final"]
[Site "Pula"]
[Date "1991.??.??"]
[Round "4"]
[White "Ilincic, Zlatko"]
[Black "Romanishin, Oleg M"]
[Result "1/2-1/2"]
[WhiteElo "2470"]
[BlackElo "2610"]

1.d4 Nf6 2.c4 e6 3.Nc3 Bb4 4.Qc2 O-O 5.a3 Bxc3+ 6.Qxc3 b6 7.Bg5 Bb7 8.e3 d6
9.f3 Nbd7 10.Bd3 e5 11.Ne2 h6 12.Bh4 Re8 13.O-O Qe7 14.Ng3 Qf8 15.f4 exd4
16.exd4 d5 17.Bf5 dxc4 18.Qxc4 Qd6 19.Rac1 Ne4 20.Nxe4 Bxe4 21.Bxe4 Rxe4
22.Qxc7 Qxc7 23.Rxc7 Rxd4 24.Re1 Nf8 25.Bf2 Rxf4 26.Ree7  1/2-1/2

[Event "Rimavska Sobota"]
[Site "Rimavska Sobota"]
[Date "1991.??.??"]
[Round "10"]
[White "Hracek, Zbynek"]
[Black "Lutz, Christopher"]
[Result "0-1"]
[WhiteElo "2485"]
[BlackElo "2500"]

1.d4 Nf6 2.c4 e6 3.Nc3 Bb4 4.Qc2 O-O 5.a3 Bxc3+ 6.Qxc3 b6 7.Bg5 Bb7 8.f3 h6
9.Bh4 d5 10.e3 Nbd7 11.Nh3 Qe7 12.cxd5 exd5 13.Be2 Rfe8 14.Bf2 c5 15.O-O c4
16.b3 b5 17.Rfe1 Nb6 18.bxc4 bxc4 19.Bd1 Bc6 20.Nf4 Qd7 21.Rb1 Ba4 22.Bxa4 Nxa4
23.Qa5 Rab8 24.Rb4 Rxb4 25.Qxb4 g5 26.Ne2 Re6 27.Qb8+ Kg7 28.Ng3 Rb6 29.Qe5 Kg6
30.Ne2 Nb2 31.Qg3 Nd3 32.Nf4+ Nxf4 33.exf4 Nh5 34.f5+ Qxf5 35.Qc7 Nf6 36.Qxa7 Rb2
37.Qe7 Qc2 38.Rf1 c3 39.Qe3 Rb1 40.Be1 Rb3 41.a4 Qb2 42.Bf2 c2 43.Qd2 Ra3
44.a5 Nh5 45.Be3 Rxe3 46.Qxe3 Nf4  0-1

[Event "San Fernando op"]
[Site "San Fernando"]
[Date "1991.??.??"]
[Round "?"]
[White "Sonntag, Hans Hubert"]
[Black "Veingold, Aleksandr"]
[Result "1/2-1/2"]
[WhiteElo "2375"]
[BlackElo "2465"]

1.d4 Nf6 2.c4 e6 3.Nc3 Bb4 4.Qc2 O-O 5.a3 Bxc3+ 6.Qxc3 b6 7.Bg5 h6 8.Bh4 Bb7
9.e3 d6 10.f3 Nbd7 11.Bd3 c5 12.Ne2 Rc8 13.Qd2 cxd4 14.exd4 Ba6 15.b3 d5
16.cxd5 Bxd3 17.Qxd3 exd5 18.O-O Qc7 19.Rac1 Qb7 20.Bxf6  1/2-1/2

[Event "San Sebastian op"]
[Site "San Sebastian"]
[Date "1991.??.??"]
[Round "6"]
[White "Komljenovic, Davor"]
[Black "Urday, Henry"]
[Result "1/2-1/2"]
[WhiteElo "2490"]
[BlackElo "2480"]

1.d4 Nf6 2.c4 e6 3.Nc3 Bb4 4.Qc2 O-O 5.a3 Bxc3+ 6.Qxc3 b6 7.Bg5 Bb7 8.Nh3 h6
9.Bh4 d5 10.cxd5 exd5 11.e3 Nbd7 12.Bd3 c5 13.O-O Rc8 14.Rfc1 c4 15.Bf5 Ne4
16.Bxd8 Nxc3 17.bxc3 Rcxd8 18.f3 Rfe8 19.Kf2 Nf6 20.Nf4 Re7 21.h4 g6 22.Bc2 h5
23.Ra2 Bc6 24.a4 Kg7 25.a5 b5 26.Rb2 Rde8 27.Re1 a6 28.Re2 Bd7 29.Bb1 Bf5
30.Bxf5 gxf5 31.Rb1 Rb7 32.Rh1 Kh6 33.Rh3 Rg8 34.Rb2 Re7 35.Ne2 Rge8 36.Ng3 Kg6
37.Nf1 Rg8 38.Rg3+ Kh6 39.Rxg8 Nxg8 40.Ng3 Kg6 41.Ne2 Nf6 42.Rb1 Kh6 43.Nc1 Nd7
44.Na2 Nb8 45.Nb4 Rd7 46.Kg3 Rd6 47.Kf4 Kg6 48.Rh1 Kf6 49.Rh3 Nc6 50.Nxa6 Nxd4
51.exd4 Rxa6 52.Rg3 Rxa5 53.Rg5 Ra3 54.Rxf5+ Ke6 55.Re5+ Kd6 56.Rxh5 Rxc3
57.Rh6+ Kd7 58.Ke5 Rc2 59.Rb6 Rb2 60.Kxd5 c3 61.h5 Rxg2 62.Rd6+ Ke7 63.Rc6 Rg5+
64.Ke4 Rxh5 65.Rxc3  1/2-1/2

[Event "Belavenets mem op"]
[Site "Smolensk"]
[Date "1991.??.??"]
[Round "?"]
[White "Utemov, Vladimir"]
[Black "Brodsky, Michail"]
[Result "1/2-1/2"]
[WhiteElo "2435"]
[BlackElo "2310"]

1.d4 Nf6 2.c4 e6 3.Nc3 Bb4 4.Qc2 O-O 5.Bg5 h6 6.Bh4 c5 7.Nf3 cxd4 8.Nxd4 Nc6
9.Rd1 Nxd4 10.Rxd4 e5 11.Rd2 Bxc3 12.bxc3 Qe7 13.e3 d6 14.Be2 Be6 15.Bxf6 Qxf6
16.Rxd6 Qe7 17.Rd2 Rac8 18.Qe4 Qc7 19.O-O Bxc4  1/2-1/2

[Event "Belavenets mem op"]
[Site "Smolensk"]
[Date "1991.??.??"]
[Round "?"]
[White "Obukhov, Alexander"]
[Black "Tunik, Gennady"]
[Result "1/2-1/2"]
[WhiteElo "2265"]
[BlackElo "2470"]

1.d4 Nf6 2.c4 e6 3.Nc3 Bb4 4.Qc2 O-O 5.a3 Bxc3+ 6.Qxc3 b6 7.Bg5 Bb7 8.e3 d6
9.f3 Nbd7 10.Nh3 h6 11.Bh4 c5 12.dxc5 bxc5 13.Bd3 Qb6 14.O-O a5 15.Qc2 Rfe8
16.Rfd1 d5 17.Bf1 Ba6 18.Rd2 Ra7 19.Bf2 Ne5 20.cxd5 Bxf1 21.Rxf1 exd5 22.Nf4 Qc6
23.Rfd1 Rd7 24.b3 a4 25.bxa4 g5 26.Ne2 Nc4 27.Rd3 Rb7 28.Rb1 Rxb1+ 29.Qxb1 d4
30.Qb5 Qxb5 31.axb5 dxe3 32.Bg3 Nb6 33.Rd6 Nfd5 34.Rxh6 Ra8 35.Rc6 Rxa3 36.Rxc5 Ra2
37.Kf1 f5 38.Be5 Rd2 39.g3  1/2-1/2

[Event "Belavenets mem op"]
[Site "Smolensk"]
[Date "1991.??.??"]
[Round "?"]
[White "Obukhov, Alexander"]
[Black "Buturin, Vladimir"]
[Result "1-0"]
[WhiteElo "2265"]
[BlackElo "2425"]

1.d4 Nf6 2.c4 e6 3.Nc3 Bb4 4.Qc2 O-O 5.a3 Bxc3+ 6.Qxc3 b6 7.Bg5 Bb7 8.e3 d6
9.f3 Nbd7 10.Nh3 c5 11.dxc5 bxc5 12.Bd3 a5 13.O-O a4 14.Rad1 Ra6 15.Rf2 Ne5
16.Bf1 h6 17.Bf4 Ng6 18.Rfd2 Nxf4 19.Nxf4 Qe7 20.Ne2 e5 21.h3 Rd8 22.Ng3 g6
23.Qc2 h5 24.Rf2 h4 25.Ne2 d5 26.cxd5 Nxd5 27.Qc1 Rad6 28.Nc3 Nxc3 29.Rxd6 Rxd6
30.Qxc3 Rd1 31.Rd2 Rb1 32.Qd3 Ra1 33.Kf2 Qe6 34.Qd8+ Kg7 35.Qxh4 Ba6 36.Rd8 Rxf1+
37.Kg3  1-0

[Event "Smolensk"]
[Site "Smolensk"]
[Date "1991.??.??"]
[Round "?"]
[White "Obukhov, Alexander"]
[Black "Makarov, Marat"]
[Result "1/2-1/2"]
[WhiteElo "2265"]
[BlackElo "2480"]

1.d4 Nf6 2.c4 e6 3.Nc3 Bb4 4.Qc2 O-O 5.a3 Bxc3+ 6.Qxc3 b6 7.Bg5 c5 8.f3 Nc6
9.dxc5 bxc5 10.e3 Rb8 11.Bf4 e5 12.Bxe5 Nxe5 13.Qxe5 Qb6 14.b4 Re8 15.Qxc5 Qxc5
16.bxc5 Rxe3+ 17.Kd2 Re5 18.Bd3 Rxc5 19.Ne2 d5 20.cxd5 Rb2+ 21.Ke3 Rxd5 22.Nf4 Rd8
23.h4 Nd5+ 24.Nxd5 Rxd5 25.Be4 Rd8 26.g4 Rb3+ 27.Kf4 Be6 28.Rhd1 Rxd1 29.Rxd1 Kf8
30.Rd3 Rxd3 31.Bxd3 h6 32.Bf5 Bb3 33.Be4  1/2-1/2

[Event "Belavenets mem op"]
[Site "Smolensk"]
[Date "1991.??.??"]
[Round "?"]
[White "Zarubin, Pavel"]
[Black "Obukhov, Alexander"]
[Result "0-1"]
[WhiteElo "2435"]
[BlackElo "2265"]

1.d4 Nf6 2.c4 e6 3.Nc3 Bb4 4.Qc2 O-O 5.a3 Bxc3+ 6.Qxc3 b6 7.Bg5 c5 8.dxc5 bxc5
9.Nf3 Nc6 10.e3 h6 11.Bxf6 Qxf6 12.Qxf6 gxf6 13.Nd2 f5 14.O-O-O Rb8 15.Kc2 Rd8
16.Be2 Bb7 17.Kc3 Kf8 18.Nb3 d6 19.h3 Ke7 20.Bf3 Rd7 21.Rd2 Ne5 22.Bxb7 Rdxb7
23.Nc1 h5 24.h4 Rg8 25.g3 Nf3 26.Rd3 Rgb8 27.b3 Rb6 28.Rhd1 Ne5 29.R3d2 Ng4
30.Rb2 Ra6 31.Ra2 Nf6 32.Nd3 Ne4+ 33.Kc2 Rc6 34.Rg1 a5 35.f3 Nf6 36.Rb2 Rc7
37.Nf4 Rcb7 38.Kc3 e5 39.Ne2 d5 40.Rgb1 a4 41.b4 dxc4 42.Rd1 Ke6 43.Rbd2 cxb4+
44.axb4 Rxb4 45.Rd6+ Ke7 46.Nc1 Rb1 47.Ra6 R8b3+ 48.Nxb3 Rxd1 49.Na5 Nd5+
50.Kxc4 Nxe3+ 51.Kc3 Nd5+ 52.Kc4 Nc7 53.Rh6 a3 54.Nc6+ Kf8 55.Kb3 Rd3+ 56.Ka2 Nd5
57.Rxh5 Rxf3 58.Rh8+ Kg7 59.Rd8 Rd3 60.Rb8 e4 61.Rb3 Nc3+ 62.Kxa3 Rxg3 63.Nd4 Kf6
64.Kb4 Nd5+ 65.Kc4 Rxb3 66.Nxb3 Ne3+ 67.Kd4 Ng2 68.h5 Kg5  0-1

[Event "St Martin op"]
[Site "St Martin"]
[Date "1991.??.??"]
[Round "8"]
[White "Remlinger, Larry"]
[Black "Wedberg, Tom"]
[Result "1-0"]
[WhiteElo "2365"]
[BlackElo "2465"]

1.d4 Nf6 2.c4 e6 3.Nc3 Bb4 4.Qc2 O-O 5.a3 Bxc3+ 6.Qxc3 b6 7.Bg5 Bb7 8.f3 d5
9.e3 Nbd7 10.cxd5 exd5 11.Bd3 h6 12.Bh4 Qe7 13.Ne2 c5 14.Bf2 c4 15.Bc2 b5
16.Ng3 a5 17.Nf5 Qe6 18.O-O Qb6 19.Qd2 Rfe8 20.Rae1 b4 21.e4 c3 22.bxc3 bxc3
23.Qf4 Ba6 24.Rb1 Qc6 25.Rfe1 Nf8 26.e5 Ng6 27.Qc1 Nh7 28.f4 Reb8 29.Nd6 Ngf8
30.Qe3 Rb2 31.Rxb2 cxb2 32.Qb3 Ne6 33.Be3 Nhf8 34.Qxb2 Nd7 35.f5 Nc7 36.Qc1 Nb5
37.f6 Nxd6 38.Bh7+  1-0

[Event "Stavanger op"]
[Site "Stavanger"]
[Date "1991.??.??"]
[Round "8"]
[White "Whiteley, Andrew J"]
[Black "Fossan, Erik"]
[Result "1/2-1/2"]
[WhiteElo "2330"]
[BlackElo "2285"]

1.d4 Nf6 2.c4 e6 3.Nc3 Bb4 4.Qc2 O-O 5.a3 Bxc3+ 6.Qxc3 b6 7.Bg5 Bb7 8.e3 d6
9.f3 h6 10.Bh4 Nbd7 11.Bd3 e5 12.Bf5 exd4 13.Qxd4 Qe8 14.Ne2 a5 15.O-O a4
16.Nc3 Qe5 17.Bc2 Qxd4 18.exd4 Ba6 19.Bxa4 Bxc4 20.Rfe1 g5 21.Bg3 Rfe8 22.Bc6 Rad8
23.Ne4 Nh5 24.Rac1 Ba6 25.a4 Kf8 26.b4 f5 27.Nc3 Rxe1+ 28.Rxe1 Nb8 29.Bd5 Re8
30.b5 Rxe1+ 31.Bxe1 Bc8 32.Na2 Nf4 33.Bc4 Be6 34.Bxe6 Nxe6 35.Bc3 Nf4 36.Kf2 Nd5
37.Bd2 Kf7 38.h4 Kg6 39.hxg5 hxg5 40.Nb4 Nxb4 41.Bxb4 Nd7 42.a5  1/2-1/2

[Event "Stockholm"]
[Site "Stockholm"]
[Date "1991.??.??"]
[Round "?"]
[White "Ziegler, Ari"]
[Black "Johansson, Lars Erik"]
[Result "1-0"]
[WhiteElo "2275"]
[BlackElo "2280"]

1.d4 Nf6 2.c4 e6 3.Nc3 Bb4 4.Qc2 O-O 5.a3 Bxc3+ 6.Qxc3 b6 7.Bg5 c5 8.dxc5 bxc5
9.Nh3 Nc6 10.e3 h6 11.Bxf6 Qxf6 12.Qxf6 gxf6 13.Nf4 f5 14.O-O-O Ne5 15.Nh5 f6
16.h3 Kf7 17.f4 Kg6 18.Ng3 Nc6 19.e4 fxe4 20.Nxe4 Nd4 21.Nxc5 e5 22.Bd3+ Kg7
23.Rhf1 Rb8 24.fxe5 fxe5 25.Rxf8 Kxf8 26.Re1 d6 27.Ne4 Ke7 28.Re3 Bf5 29.g4 Be6
30.g5 hxg5 31.Nxg5 Bg8 32.Nf3 Nxf3 33.Rxf3 Rb3 34.Rg3 Be6 35.Kc2 Rb8 36.Rg7+ Kf6
37.Rxa7 Rc8 38.Kc3 d5 39.Ra6 e4 40.Be2  1-0

[Event "SWE-ch"]
[Site "SWE"]
[Date "1991.??.??"]
[Round "3"]
[White "Wiedenkeller, Michael"]
[Black "Aaberg, Anton"]
[Result "1-0"]
[WhiteElo "2455"]
[BlackElo "2235"]

1.d4 Nf6 2.c4 e6 3.Nc3 Bb4 4.Qc2 O-O 5.a3 Bxc3+ 6.Qxc3 b6 7.Bg5 Bb7 8.f3 h6
9.Bh4 d5 10.e3 Nbd7 11.Bd3 c5 12.cxd5 exd5 13.Ne2 Qe7 14.Bf2 Rfc8 15.O-O cxd4
16.Qxd4 Nc5 17.Rad1 Nxd3 18.Qxd3 a5 19.Rfe1 Ba6 20.Qd4 Bxe2 21.Rxe2 Rc6 22.Be1 Re8
23.Bc3 Re6 24.Rd3 Rc8 25.Qa4 Ne8 26.Qb3 Nc7 27.Re1 Rd8 28.Bd4 Red6 29.Rc3 Rb8
30.Rec1 Rd7 31.Rc6 Ne6 32.Rc8+ Rxc8 33.Rxc8+ Kh7 34.Qc2+  1-0

[Event "SWE-ch"]
[Site "SWE"]
[Date "1991.??.??"]
[Round "7"]
[White "Wiedenkeller, Michael"]
[Black "Lundin, Anders"]
[Result "0-1"]
[WhiteElo "2455"]
[BlackElo "2295"]

1.d4 Nf6 2.c4 e6 3.Nc3 Bb4 4.Qc2 O-O 5.a3 Bxc3+ 6.Qxc3 b5 7.cxb5 c6 8.bxc6 Nxc6
9.Bg5 Ba6 10.b4 Rc8 11.Qb2 Qb6 12.Bxf6 gxf6 13.Nf3 d5 14.Qd2 Ne7 15.e3 Bxf1
16.Kxf1 Qb5+ 17.Qe2 Qa4 18.Qd1 Qb5+ 19.Kg1 Rc3 20.g3 Rfc8 21.Kg2 Nf5 22.Re1 Rc2
23.Ng1 Nd6 24.Re2 R2c3 25.Rb2 Ne4 26.Ne2 Rd3 27.Qe1 Qa4 28.Qb1 Rd2 29.Rxd2 Nxd2
30.Qd3 Rc2 31.Rd1 Nc4 32.Nf4 Nb2  0-1

[Event "Grand Prix Suisse op"]
[Site "SWZ"]
[Date "1991.??.??"]
[Round "5"]
[White "Schwarz, Peter"]
[Black "Godena, Michele"]
[Result "1/2-1/2"]
[WhiteElo "2270"]
[BlackElo "2405"]

1.d4 Nf6 2.c4 e6 3.Nc3 Bb4 4.Qc2 O-O 5.a3 Bxc3+ 6.Qxc3 b6 7.Nf3 Bb7 8.g3 Qe8
9.Bg2 a5 10.b3 d6 11.O-O a4 12.b4 Be4 13.Bb2 b5 14.Rac1 c6 15.Qe3 d5 16.cxd5 cxd5
17.Qf4 Bxf3 18.Bxf3 Nbd7 19.Qd6 Qb8 20.Qc6 Rc8 21.Qxc8+ Qxc8 22.Rxc8+ Rxc8
23.Rc1 Rxc1+ 24.Bxc1 Nb6 25.e3 Ne4 26.Kf1 Nc3 27.Ke1 Nc4 28.Be2 Nxe2 29.Kxe2 h5
30.h3 Kh7 31.Kd3 Nd6 32.f3 Kg6 33.e4 f5 34.exd5 exd5 35.h4 Kf6 36.Ke2 Nc4
37.f4 g6 38.Kf3  1/2-1/2

[Event "FIN-ch"]
[Site "Tampere"]
[Date "1991.??.??"]
[Round "4"]
[White "Yrjola, Jouni"]
[Black "Haapasalo, Jukka Pekka"]
[Result "1/2-1/2"]
[WhiteElo "2505"]
[BlackElo "2240"]

1.d4 Nf6 2.c4 e6 3.Nc3 Bb4 4.Qc2 O-O 5.a3 Bxc3+ 6.Qxc3 Qe8 7.Nf3 d6 8.b4 b6
9.g3 Bb7 10.Bg2 a5 11.Bb2 axb4 12.axb4 Rxa1+ 13.Bxa1 Be4 14.O-O b5 15.d5 e5
16.Nd2 Bxg2 17.Kxg2 c6 18.dxc6 Qxc6+ 19.Kg1 Nbd7 20.Qd3 Rb8 21.Rb1 bxc4 22.Nxc4 Nd5
23.Na5 Qb5 24.Qxb5  1/2-1/2

[Event "Torcy op-B"]
[Site "Torcy"]
[Date "1991.??.??"]
[Round "?"]
[White "Marouze, T."]
[Black "Valentin, Rene"]
[Result "1/2-1/2"]
[WhiteElo "1810"]
[BlackElo "2090"]

1.d4 Nf6 2.c4 e6 3.Nc3 Bb4 4.Qc2 O-O 5.Bg5 h6 6.Bh4 c5 7.e3 cxd4 8.exd4 d5
9.a3 Be7 10.Nf3 Nc6 11.Qd1 Bd7 12.Be2 Rc8 13.c5 b6 14.Ba6 Ra8 15.Bb7 Rb8
16.Bxc6 Bxc6 17.Ne5 Rc8 18.b4 bxc5 19.bxc5 Nd7 20.Bxe7 Qxe7 21.Nxc6 Rxc6
22.Qa4 Nb8 23.O-O Rcc8 24.Rfe1 Rfd8 25.Rab1 Nc6 26.Nb5 Qh4 27.Rbd1 e5 28.Nxa7 Nxd4  1/2-1/2

[Event "Torcy op"]
[Site "Torcy"]
[Date "1991.??.??"]
[Round "?"]
[White "Chabanon, Jean Luc"]
[Black "Feller, Joseph"]
[Result "1/2-1/2"]
[WhiteElo "2480"]
[BlackElo "2225"]

1.d4 Nf6 2.c4 e6 3.Nc3 Bb4 4.Qc2 O-O 5.a3 Bxc3+ 6.Qxc3 b6 7.Qg3 Ne4 8.Qe5 f5
9.d5 d6 10.Qd4 e5 11.Qe3 a5 12.f3 Qh4+ 13.g3 Nxg3 14.Qf2 f4 15.e3 Nf5 16.exf4 exf4
17.Qxh4 Nxh4 18.Kf2 Na6 19.b4 Bd7 20.Bd2 Nb8 21.bxa5 bxa5 22.c5 Na6 23.c6 Be8
24.Bxa5 Bf7 25.Rd1 Nf5 26.Nh3 Ne3 27.Rd4 Nxd5 28.Ng5 Nc5 29.Nxf7 Rxa5 30.Nxd6 Ne3
31.Nc4 Ra4 32.Be2 Ne6 33.Re4 Ng5 34.Rxe3 fxe3+ 35.Nxe3 Rxa3 36.Bc4+ Kh8 37.Bd5 Nh3+
38.Kg3 Rxe3 39.Kxh3 h6 40.Kg3 Re5 41.Be4 Rg5+ 42.Kf2 Re5 43.Ke3 Rf6 44.Rb1 g6
45.Rb8+ Kg7 46.Kd4 Ra5 47.Rc8 Rf7 48.Re8 Ra2 49.Re6 Rg2 50.h4 h5 51.Ke5 Kh7
52.Re8 Re2 53.Re6 Rg7 54.f4 Rh2 55.Kf6 Rxh4 56.f5 Kh6 57.Re8 Rxe4 58.Rxe4 gxf5
59.Kxf5 Rg6 60.Re6 Rxe6 61.Kxe6 h4 62.Kd7 h3 63.Kxc7 h2 64.Kb8 h1=Q 65.c7  1/2-1/2

[Event "Torcy op"]
[Site "Torcy"]
[Date "1991.??.??"]
[Round "?"]
[White "Chabanon, Jean Luc"]
[Black "Korneev, Oleg"]
[Result "0-1"]
[WhiteElo "2480"]
[BlackElo "2345"]

1.d4 Nf6 2.c4 e6 3.Nc3 Bb4 4.Qc2 O-O 5.a3 Bxc3+ 6.Qxc3 b6 7.Nf3 Bb7 8.g3 d5
9.Bg2 Nbd7 10.O-O c5 11.dxc5 Nxc5 12.b4 Nce4 13.Qe3 dxc4 14.Bb2 Rc8 15.Rac1 Qe7
16.Ne5 Nd6 17.Bxb7 Qxb7 18.Rfd1 Nd5 19.Qd4 Nb5 20.Qh4 c3 21.Ba1 Nxa3 22.e4 Nf6
23.Rxc3 Rxc3 24.Bxc3 Qxe4 25.Qxe4 Nxe4 26.Bb2 Nb5 27.Rd7 Nf6 28.Rb7 Nd5 29.Nc6 h6
30.Be5 Rc8 31.Nxa7 Nxa7 32.Rxa7 Nxb4 33.Rb7 Nd5 34.f4 Rc4 35.h4 h5 36.Kf2 f6
37.Bd6 Rc2+ 38.Kf3 Rc6 39.Bb8 Kh7 40.Rd7 Kg6 41.g4 Rc3+ 42.Ke4 hxg4 43.f5+ exf5+
44.Kxd5 Rd3+ 45.Kc6 Rxd7 46.Kxd7 b5 47.Ke6 b4  0-1

[Event "Torcy op"]
[Site "Torcy"]
[Date "1991.??.??"]
[Round "?"]
[White "Luce, Sebastien"]
[Black "Petursson, Margeir"]
[Result "0-1"]
[WhiteElo "2420"]
[BlackElo "2515"]

1.d4 Nf6 2.c4 e6 3.Nc3 Bb4 4.Qc2 O-O 5.Nf3 c5 6.a3 Bxc3+ 7.Qxc3 cxd4 8.Nxd4 d5
9.Bg5 e5 10.Nc2 d4 11.Qd3 Nc6 12.e4 a5 13.Qf3 Re8 14.Bxf6 Qxf6 15.Qxf6 gxf6
16.Bd3 Be6 17.b3 Rec8 18.a4 Nb8 19.Ke2 Na6 20.Ne1 Nc5 21.Bc2 b5 22.axb5 a4
23.bxa4 Bxc4+ 24.Nd3 Nxe4 25.Rhc1 Nc5 26.f3 f5 27.Kd2 Bxd3 28.Bxd3 Nb3+ 29.Kd1 Rxc1+  0-1

[Event "Torcy op"]
[Site "Torcy"]
[Date "1991.??.??"]
[Round "?"]
[White "Petursson, Margeir"]
[Black "Sokolov, Andrei"]
[Result "1/2-1/2"]
[WhiteElo "2515"]
[BlackElo "2550"]

1.d4 Nf6 2.c4 e6 3.Nc3 Bb4 4.Qc2 O-O 5.a3 Bxc3+ 6.Qxc3 b6 7.Bg5 Bb7 8.e3 Re8
9.Nh3 h6 10.Bh4 d6 11.f3 e5 12.d5 c6 13.dxc6 Nxc6 14.O-O-O Rc8 15.Kb1 d5
16.cxd5 Nxd5 17.Qe1 Qc7 18.Bd3 Na5 19.e4 Ne7 20.Qb4 Ng6 21.Bf2 Red8 22.Rc1 Nc6
23.Qb3 Nf8 24.Bb5 Ne6 25.Rhd1 Rxd1 26.Qxd1 Qe7 27.Qa4 Ncd4 28.Rxc8+ Bxc8
29.Qc4 Qd8 30.Ba6 Bxa6 31.Qxa6 b5 32.Qb7 Qa5 33.Qb8+ Kh7 34.Qxe5 Qa4 35.Bxd4 Nxd4
36.Qd5 Qc2+ 37.Ka2 Ne2 38.Ka1 Qc1+ 39.Ka2 Qc2 40.Ka1 Qc1+ 41.Ka2 Qc2  1/2-1/2

[Event "Vienna op"]
[Site "Vienna"]
[Date "1991.??.??"]
[Round "3"]
[White "Rotstein, Arkadij"]
[Black "Smagin, Sergey"]
[Result "1/2-1/2"]
[WhiteElo "2390"]
[BlackElo "2535"]

1.d4 Nf6 2.c4 e6 3.Nc3 Bb4 4.Qc2 O-O 5.a3 Bxc3+ 6.Qxc3 b6 7.Bg5 Bb7 8.f3 d5
9.e3 Nbd7 10.cxd5 exd5 11.Bd3 c5 12.Ne2 Rc8 13.O-O Ne4 14.Bxd8 Nxc3 15.bxc3 Rfxd8
16.a4 Bc6 17.a5 b5 18.Bf5 Rc7 19.Bxd7 Bxd7 20.Nf4 Bf5 21.g4 Bc2 22.Rfc1 Bb3
23.Nd3 cxd4 24.exd4 Bc4 25.Nc5 Re7 26.Re1 Rde8 27.Kf2 Re2+ 28.Rxe2 Rxe2+
29.Kg3 Kf8 30.Nd7+ Ke7 31.Ne5 f6 32.Nc6+ Kd7 33.Nb4 Rb2 34.h4 Rb3 35.Rc1 Ra3
36.a6 Rb3 37.g5 Rb2 38.gxf6 gxf6 39.Kf4 Rh2 40.Rg1 Rxh4+ 41.Ke3 Ke6 42.Rg7 Kf5
43.Kd2 Rh2+ 44.Kc1 Rh3 45.Kb2 Rxf3 46.Rxa7 Rf2+ 47.Ka3 Rf3 48.Kb2 Rf2+ 49.Ka3 Rf3  1/2-1/2

[Event "URS-sf"]
[Site "Voronezh"]
[Date "1991.??.??"]
[Round "?"]
[White "Obukhov, Alexander"]
[Black "Sherbakov, Vitaly S"]
[Result "1-0"]
[WhiteElo "2265"]
[BlackElo "2345"]

1.d4 Nf6 2.c4 e6 3.Nc3 Bb4 4.Qc2 O-O 5.a3 Bxc3+ 6.Qxc3 b6 7.Bg5 Re8 8.e3 Bb7
9.f3 d5 10.Bd3 Nbd7 11.Ne2 Rc8 12.cxd5 Nxd5 13.Bxh7+ Kh8 14.Bxd8 Nxc3 15.Nxc3 Kxh7
16.Bh4 e5 17.d5 e4 18.Nxe4 f5 19.Ng5+ Kg8 20.Kf2 Nf6 21.d6 cxd6 22.Rac1 Nd5
23.Bg3 Rxc1 24.Rxc1 Rxe3 25.Bxd6 Re8 26.Nh3 Re6 27.Bg3 Ba6 28.Rc2 Re8 29.Rd2 Bb7
30.Nf4 Nxf4 31.Bxf4 Re7 32.Kg3 Ba6 33.Kh4 Re2 34.Rxe2 Bxe2 35.Kg5 Bf1 36.g3 Be2
37.Bb8 a5 38.f4 Bg4 39.Kg6 Bh3 40.Bc7 a4 41.Bxb6  1-0